<?xml version="1.0" encoding="UTF-8"?>
<record
    xmlns:xsi="http://www.w3.org/2001/XMLSchema-instance"
    xsi:schemaLocation="http://www.loc.gov/MARC21/slim http://www.loc.gov/standards/marcxml/schema/MARC21slim.xsd"
    xmlns="http://www.loc.gov/MARC21/slim">

  <leader>04583nam a22003497a 4500</leader>
  <controlfield tag="005">20180305111304.0</controlfield>
  <controlfield tag="008">150817b        xxu||||| |||| 00| 0 eng d</controlfield>
  <datafield tag="010" ind1=" " ind2=" ">
    <subfield code="a">1516EN07     ENG-114533</subfield>
  </datafield>
  <datafield tag="020" ind1=" " ind2=" ">
    <subfield code="a">9780198758983</subfield>
    <subfield code="c">1995.00</subfield>
  </datafield>
  <datafield tag="035" ind1=" " ind2=" ">
    <subfield code="a">EN-98065</subfield>
  </datafield>
  <datafield tag="035" ind1=" " ind2=" ">
    <subfield code="a">B-605466-475</subfield>
  </datafield>
  <datafield tag="035" ind1=" " ind2=" ">
    <subfield code="a">B-664959</subfield>
  </datafield>
  <datafield tag="037" ind1=" " ind2=" ">
    <subfield code="b">Uppal/ven</subfield>
  </datafield>
  <datafield tag="037" ind1=" " ind2=" ">
    <subfield code="b">DBAD/PUB</subfield>
  </datafield>
  <datafield tag="040" ind1=" " ind2=" ">
    <subfield code="a">DPL</subfield>
    <subfield code="b">English</subfield>
  </datafield>
  <datafield tag="082" ind1=" " ind2=" ">
    <subfield code="a">260</subfield>
  </datafield>
  <datafield tag="245" ind1=" " ind2=" ">
    <subfield code="a">The Oxford handbook of Sikh studies /</subfield>
    <subfield code="c">edited by Pashaura Singh [and] Louis E. Fenech</subfield>
  </datafield>
  <datafield tag="246" ind1=" " ind2=" ">
    <subfield code="a"> Handbook of Sikh studies</subfield>
  </datafield>
  <datafield tag="246" ind1=" " ind2=" ">
    <subfield code="a">Sikh studies</subfield>
  </datafield>
  <datafield tag="260" ind1=" " ind2=" ">
    <subfield code="a">New Delhi</subfield>
    <subfield code="b">Oxford University Press</subfield>
    <subfield code="c">2015(repr.)</subfield>
  </datafield>
  <datafield tag="270" ind1=" " ind2=" ">
    <subfield code="a">YMCA Library Building, 1 Jai Singh Road</subfield>
    <subfield code="b">New Delhi </subfield>
    <subfield code="e">110001</subfield>
  </datafield>
  <datafield tag="300" ind1=" " ind2=" ">
    <subfield code="a">xxii,650p.</subfield>
    <subfield code="c">26cm(Hb)</subfield>
    <subfield code="b"> </subfield>
  </datafield>
  <datafield tag="500" ind1=" " ind2=" ">
    <subfield code="a">Includes bibliographical references and index.</subfield>
  </datafield>
  <datafield tag="505" ind1=" " ind2=" ">
    <subfield code="a"> Introduction /  |r Pashaura Singh and Louis E. Fenech --  |t An overview of Sikh history /  |r Pashaura Singh --  |t The evolution of the Sikh community /  |r Louis E. Fenech --  |t Sikhism in the eighteenth century /  |r Purnima Dhavan --  |t The Sikh kingdom /  |r Sunit Singh --  |t Colonial formations of Sikhism /  |r Navdeeps S. Mandair --  |t Sikhs in independent India /  |r Joginder Singh --  |t Representations of Sikh history /  |r Anne Murphy --  |t Survey of literature in the Sikh tradition /  |r Christopher Shackle --  |t The Guru Granth Sahib /  |r Pashaura Singh --  |t The Dasam Granth /  |r Robin Rinehart --  |t The works of Bhai Gurdas /  |r Rahuldeep Singh Gill --  |t The works of Bhai Nand Lal Goya /  |r Louis E. Fenech --  |t Sectarian works /  |r Hardip Singh Syan --  |t Pre-colonial Sikh literature /  |r Toby Braden Johnson --  |t Sikhism in twentieth-century Punjabi literature /  |r Tejwant Singh Gill --  |t 'Western' writers on the Sikhs /  |r Harpreet Singh --  |t Linguistic and philological approaches to sacred Sikh literature /  |r Michael C. Shapiro --  |t Gurmat: the teachings of the Gurus /  |r Pashaura Singh --  |t The Khalsa and the Rahit /  |r Louis E. Fenech --  |t Sikh interactions with other religions /  |r W. Owen Cole --  |t Secular and religious miri/piri) domains in Sikhism: frames for Sikh politics /  |r Virinder S. Kalra --  |t Sikh nationalism /  |r Giorgio Shani --  |t Postcolonial and postmodern perspectives on Sikhism /  |r Balbinder Singh Bhogal --  |t Sikh philosophy/  |r Arvind-Pal Singh Mandair --  |t Sikh institutions /  |r Michael Hawley --  |t Shiromani Gurdwara Parbandhak Committee: an overview /  |r Kashmir Singh --  |t The Shiromani Akali Dal /  |r Amarjit Singh Narang --  |t Sikh sects /  |r Opinderjit Kaur Takhar --  |t Sikh sants and their establishments in India and abroad /  |r Eleanor Nesbitt --  |t Taksals, akharas, and Nihang deras /  |r Paramjit Singh Judge --  |t Global Sikhism /  |r Mark Juergensmeyer --  |t Sikh music /  |r Gurnam Singh --  |t Sikh cultural performances /  |r Michael Nijhawan --  |t Sikh art /  |r Nikky-Guninder Kaur Singh --  |t The Darbar Sahib /  |r Charles M. Townsend --  |t The Khalsa Heritage Complex /  |r William J. Glover --  |t Sikh material culture /  |r Anne Murphy --  |t Sikh martial art (gatk&#x101;) /  |r Kamalroop Singh --  |t Sikhi through Internet, films, and videos /  |r Susan Elizabeth Prill --  |t Sikh culture and Punj&#x101;biyat /  |r Pritam Singh and Meena Dhanda --  |t The Sikh diaspora /  |r Darshan Singh Tatla --  |t Sikhs in mainland European countries /  |r Kristina Myrvold --  |t Sikhs as a racial and religious minority in the US /  |r Jaideep Singh --  |t Sikhs living beyond Punjab in India /  |r Himadri Banerjee --  |t Sikh migration, diasporas, and transnational practices /  |r Shinder Singh Thandi --  |t Punjabi Sikhs and Gora Sikhs /  |r Verne A. Dusenbery --  |t 'Khalistan' as political critique /  |r Cynthia Keppley Mahmood --  |t Changing manifestations of caste in the Sikh Panth /  |r Surinder S. Jodhka --  |t Gender in Sikh traditions /  |r Doris R. Jakobsh --  |t A feminist interpretation of Sikh scripture /  |r Nikky-Guninder Kaur Singh --  |t New directions in Sikh studies /  |r Pashaura Singh.</subfield>
  </datafield>
  <datafield tag="650" ind1=" " ind2=" ">
    <subfield code="a">Sikhism.</subfield>
  </datafield>
  <datafield tag="650" ind1=" " ind2=" ">
    <subfield code="a">Sikhism </subfield>
    <subfield code="x">History.</subfield>
  </datafield>
  <datafield tag="700" ind1=" " ind2=" ">
    <subfield code="a">Pashaura Singh</subfield>
  </datafield>
  <datafield tag="700" ind1=" " ind2=" ">
    <subfield code="a">Fenech, Louis E.</subfield>
  </datafield>
  <datafield tag="942" ind1=" " ind2=" ">
    <subfield code="a">dpl</subfield>
    <subfield code="c">EN</subfield>
    <subfield code="2">ddc</subfield>
    <subfield code="m">OXF</subfield>
    <subfield code="h">260</subfield>
  </datafield>
  <datafield tag="999" ind1=" " ind2=" ">
    <subfield code="c">96100</subfield>
    <subfield code="d">96100</subfield>
  </datafield>
  <datafield tag="952" ind1=" " ind2=" ">
    <subfield code="0">0</subfield>
    <subfield code="1">0</subfield>
    <subfield code="2">ddc</subfield>
    <subfield code="4">0</subfield>
    <subfield code="7">1</subfield>
    <subfield code="8">NFIC</subfield>
    <subfield code="a">DBAD</subfield>
    <subfield code="b">DBAD</subfield>
    <subfield code="d">2015-12-16</subfield>
    <subfield code="e">DBAD/PUB</subfield>
    <subfield code="g">1995.00</subfield>
    <subfield code="l">0</subfield>
    <subfield code="o">260 OXF</subfield>
    <subfield code="p">EN-98065</subfield>
    <subfield code="r">2015-12-16 00:00:00</subfield>
    <subfield code="t">1</subfield>
    <subfield code="v">1995.00</subfield>
    <subfield code="y">EN</subfield>
  </datafield>
  <datafield tag="952" ind1=" " ind2=" ">
    <subfield code="0">0</subfield>
    <subfield code="1">0</subfield>
    <subfield code="2">ddc</subfield>
    <subfield code="4">0</subfield>
    <subfield code="7">0</subfield>
    <subfield code="8">NFIC</subfield>
    <subfield code="a">L</subfield>
    <subfield code="b">L</subfield>
    <subfield code="d">2016-07-20</subfield>
    <subfield code="e">13049/1.10.2015/147/16.9.2015/15.10.2015</subfield>
    <subfield code="g">1995.00</subfield>
    <subfield code="l">6</subfield>
    <subfield code="m">1</subfield>
    <subfield code="o">260 OXF</subfield>
    <subfield code="p">B-605466</subfield>
    <subfield code="r">2019-02-22 00:00:00</subfield>
    <subfield code="s">2019-01-24</subfield>
    <subfield code="t">1</subfield>
    <subfield code="v">1995.00</subfield>
    <subfield code="y">EN</subfield>
  </datafield>
  <datafield tag="952" ind1=" " ind2=" ">
    <subfield code="0">0</subfield>
    <subfield code="1">0</subfield>
    <subfield code="2">ddc</subfield>
    <subfield code="4">0</subfield>
    <subfield code="7">0</subfield>
    <subfield code="8">NFIC</subfield>
    <subfield code="a">BL1</subfield>
    <subfield code="b">BL1</subfield>
    <subfield code="d">2016-07-20</subfield>
    <subfield code="e">13049/1.10.2015/147/16.9.2015/15.10.2015</subfield>
    <subfield code="g">1995.00</subfield>
    <subfield code="l">1</subfield>
    <subfield code="m">2</subfield>
    <subfield code="o">260 OXF</subfield>
    <subfield code="p">B-605467</subfield>
    <subfield code="r">2024-04-19 00:00:00</subfield>
    <subfield code="s">2024-03-08</subfield>
    <subfield code="t">1</subfield>
    <subfield code="v">1995.00</subfield>
    <subfield code="y">EN</subfield>
  </datafield>
  <datafield tag="952" ind1=" " ind2=" ">
    <subfield code="0">0</subfield>
    <subfield code="1">0</subfield>
    <subfield code="2">ddc</subfield>
    <subfield code="4">0</subfield>
    <subfield code="7">0</subfield>
    <subfield code="8">NFIC</subfield>
    <subfield code="a">KGM</subfield>
    <subfield code="b">KGM</subfield>
    <subfield code="d">2016-07-20</subfield>
    <subfield code="e">13049/1.10.2015/147/16.9.2015/15.10.2015</subfield>
    <subfield code="g">1995.00</subfield>
    <subfield code="l">0</subfield>
    <subfield code="o">260 OXF</subfield>
    <subfield code="p">B-605468</subfield>
    <subfield code="r">2016-07-20 00:00:00</subfield>
    <subfield code="t">1</subfield>
    <subfield code="v">1995.00</subfield>
    <subfield code="y">EN</subfield>
  </datafield>
  <datafield tag="952" ind1=" " ind2=" ">
    <subfield code="0">0</subfield>
    <subfield code="1">0</subfield>
    <subfield code="2">ddc</subfield>
    <subfield code="4">0</subfield>
    <subfield code="7">0</subfield>
    <subfield code="8">NFIC</subfield>
    <subfield code="a">PR</subfield>
    <subfield code="b">PR</subfield>
    <subfield code="d">2016-07-20</subfield>
    <subfield code="e">13049/1.10.2015/147/16.9.2015/15.10.2015</subfield>
    <subfield code="g">1995.00</subfield>
    <subfield code="l">0</subfield>
    <subfield code="o">260 OXF</subfield>
    <subfield code="p">B-605469</subfield>
    <subfield code="r">2016-07-20 00:00:00</subfield>
    <subfield code="t">1</subfield>
    <subfield code="v">1995.00</subfield>
    <subfield code="y">EN</subfield>
  </datafield>
  <datafield tag="952" ind1=" " ind2=" ">
    <subfield code="0">0</subfield>
    <subfield code="1">0</subfield>
    <subfield code="2">ddc</subfield>
    <subfield code="4">0</subfield>
    <subfield code="7">0</subfield>
    <subfield code="8">NFIC</subfield>
    <subfield code="a">CJ</subfield>
    <subfield code="b">CJ</subfield>
    <subfield code="d">2016-07-20</subfield>
    <subfield code="e">13049/1.10.2015/147/16.9.2015/15.10.2015</subfield>
    <subfield code="g">1995.00</subfield>
    <subfield code="l">0</subfield>
    <subfield code="o">260 OXF</subfield>
    <subfield code="p">B-605470</subfield>
    <subfield code="r">2016-07-20 00:00:00</subfield>
    <subfield code="t">1</subfield>
    <subfield code="v">1995.00</subfield>
    <subfield code="y">EN</subfield>
  </datafield>
  <datafield tag="952" ind1=" " ind2=" ">
    <subfield code="0">0</subfield>
    <subfield code="1">0</subfield>
    <subfield code="2">ddc</subfield>
    <subfield code="4">0</subfield>
    <subfield code="7">0</subfield>
    <subfield code="8">NFIC</subfield>
    <subfield code="a">JP</subfield>
    <subfield code="b">JP</subfield>
    <subfield code="d">2016-07-20</subfield>
    <subfield code="e">13049/1.10.2015/147/16.9.2015/15.10.2015</subfield>
    <subfield code="g">1995.00</subfield>
    <subfield code="l">4</subfield>
    <subfield code="o">260 OXF</subfield>
    <subfield code="p">B-605471</subfield>
    <subfield code="r">2024-11-01 00:00:00</subfield>
    <subfield code="s">2024-10-24</subfield>
    <subfield code="t">1</subfield>
    <subfield code="v">1995.00</subfield>
    <subfield code="y">EN</subfield>
  </datafield>
  <datafield tag="952" ind1=" " ind2=" ">
    <subfield code="0">0</subfield>
    <subfield code="1">0</subfield>
    <subfield code="2">ddc</subfield>
    <subfield code="4">0</subfield>
    <subfield code="7">1</subfield>
    <subfield code="8">NFIC</subfield>
    <subfield code="a">ZLSR</subfield>
    <subfield code="b">ZLSR</subfield>
    <subfield code="d">2016-07-20</subfield>
    <subfield code="e">13049/1.10.2015/147/16.9.2015/15.10.2015</subfield>
    <subfield code="g">1995.00</subfield>
    <subfield code="l">0</subfield>
    <subfield code="o">260 OXF</subfield>
    <subfield code="p">B-605472</subfield>
    <subfield code="r">2016-07-20 00:00:00</subfield>
    <subfield code="t">1</subfield>
    <subfield code="v">1995.00</subfield>
    <subfield code="y">EN</subfield>
  </datafield>
  <datafield tag="952" ind1=" " ind2=" ">
    <subfield code="0">0</subfield>
    <subfield code="1">0</subfield>
    <subfield code="2">ddc</subfield>
    <subfield code="4">0</subfield>
    <subfield code="7">0</subfield>
    <subfield code="8">NFIC</subfield>
    <subfield code="a">BL3</subfield>
    <subfield code="b">BL3</subfield>
    <subfield code="d">2016-07-20</subfield>
    <subfield code="e">13049/1.10.2015/147/16.9.2015/15.10.2015</subfield>
    <subfield code="g">1995.00</subfield>
    <subfield code="l">0</subfield>
    <subfield code="o">260 OXF</subfield>
    <subfield code="p">B-605473</subfield>
    <subfield code="r">2016-07-20 00:00:00</subfield>
    <subfield code="t">1</subfield>
    <subfield code="v">1995.00</subfield>
    <subfield code="y">EN</subfield>
  </datafield>
  <datafield tag="952" ind1=" " ind2=" ">
    <subfield code="0">0</subfield>
    <subfield code="1">0</subfield>
    <subfield code="2">ddc</subfield>
    <subfield code="4">0</subfield>
    <subfield code="7">0</subfield>
    <subfield code="8">NFIC</subfield>
    <subfield code="a">NR</subfield>
    <subfield code="b">NR</subfield>
    <subfield code="d">2016-07-20</subfield>
    <subfield code="e">13049/1.10.2015/147/16.9.2015/15.10.2015</subfield>
    <subfield code="g">1995.00</subfield>
    <subfield code="l">0</subfield>
    <subfield code="o">260 OXF</subfield>
    <subfield code="p">B-605474</subfield>
    <subfield code="r">2016-07-20 00:00:00</subfield>
    <subfield code="t">1</subfield>
    <subfield code="v">1995.00</subfield>
    <subfield code="y">EN</subfield>
  </datafield>
  <datafield tag="952" ind1=" " ind2=" ">
    <subfield code="0">0</subfield>
    <subfield code="1">0</subfield>
    <subfield code="2">ddc</subfield>
    <subfield code="4">0</subfield>
    <subfield code="7">0</subfield>
    <subfield code="8">NFIC</subfield>
    <subfield code="a">BN</subfield>
    <subfield code="b">BN</subfield>
    <subfield code="d">2016-07-20</subfield>
    <subfield code="e">13049/1.10.2015/147/16.9.2015/15.10.2015</subfield>
    <subfield code="g">1995.00</subfield>
    <subfield code="l">0</subfield>
    <subfield code="o">260 OXF</subfield>
    <subfield code="p">B-605475</subfield>
    <subfield code="r">2016-07-20 00:00:00</subfield>
    <subfield code="t">1</subfield>
    <subfield code="v">1995.00</subfield>
    <subfield code="y">EN</subfield>
  </datafield>
  <datafield tag="952" ind1=" " ind2=" ">
    <subfield code="0">0</subfield>
    <subfield code="1">0</subfield>
    <subfield code="2">ddc</subfield>
    <subfield code="4">0</subfield>
    <subfield code="7">0</subfield>
    <subfield code="8">NFIC</subfield>
    <subfield code="a">AV</subfield>
    <subfield code="b">AV</subfield>
    <subfield code="d">2018-03-05</subfield>
    <subfield code="e">Uppal/14147/27.2.2017/EN/AV/16-17/408/15.2.2017/7.3.2017</subfield>
    <subfield code="g">1995.00</subfield>
    <subfield code="l">0</subfield>
    <subfield code="o">260 OXF</subfield>
    <subfield code="p">B-664959</subfield>
    <subfield code="r">2018-03-05 00:00:00</subfield>
    <subfield code="t">1</subfield>
    <subfield code="v">1995.00</subfield>
    <subfield code="w">2018-03-05</subfield>
    <subfield code="y">EN</subfield>
  </datafield>
</record>
